| 000 | 004880000a22001690004500 | ||
|---|---|---|---|
| 003 | LK-CoMWRAF | ||
| 008 | 230817t ||||| |||| 00| 0 eng d | ||
| 020 | _a1853721077 | ||
| 040 |
_aLK-CoMWRAF _dLK-CoMWRAF _eLK-CoMWRAF |
||
| 041 | _aeng | ||
| 082 |
_a151.4 _bSEL |
||
| 245 |
_aSelected Sayings of the Holy Prophet of Islam (Thenthedukkappatta Nabi Moligal) _b |
||
| 260 |
_bIslam Iternational Publications Ltd. _aU.K. (Surrey) _c1988 |
||
| 300 | _ap.35 | ||
| 650 | _aTamil | ||
| 942 | _cBK | ||
| 999 |
_c1928 _d1928 |
||